|
|
|
|
| LEADER |
01190nam a2200253 a 4500 |
| 001 |
GR-MES3705 |
| 008 |
991111s1993 gr 000 0 gre d |
| 020 |
|
|
|a 9600103836
|
| 040 |
|
|
|a GrPaTEI
|b gre
|c GR-PaULI
|
| 245 |
0 |
0 |
|a Θέματα διδακτικής των μαθηματικών :
|b Διδακτικοί στόχοι.Ταξινομίες.Δραστηριότητες.
|
| 260 |
|
|
|a Αθήνα :
|b Gytenberg,
|c 1993
|
| 300 |
|
|
|a 254σελ. :
|b διαγρ.
|
| 490 |
1 |
|
|a διδακτική θεωρία και πράξη
|
| 500 |
|
|
|a βιβλιογραφία:σελ(249-254)
|
| 650 |
|
4 |
|a ΔΙΔΑΚΤΙΚΗ
|
| 650 |
|
4 |
|a Μαθηματικά
|
| 700 |
1 |
|
|a Κολέζας, Ε.
|
| 700 |
1 |
|
|a Μακρής, Κ.
|
| 700 |
1 |
|
|a Σούρλας, Κ.
|
| 830 |
|
0 |
|1 0015699
|1 2001
|a Τα δέντρα πεθαίνουν όρθια (Casona Alejandro 1903-1965) ;
|v μετάφραση Ιουλία Ιατρίδη
|
| 942 |
|
|
|2 ddc
|
| 952 |
|
|
|0 0
|1 0
|2 ddc
|4 0
|6 510_100000000000000_ΚΟΛ
|7 0
|9 268325
|a MSLG
|b MSLG
|c BSC
|d 2021-01-17
|e 24
|f 0
|g 0.00
|l 0
|o 510.1 ΚΟΛ
|p 2420000007109
|r 2021-01-17 00:00:00
|t 1
|w 2021-01-17
|y BK15
|x 19991111 0 1
|x GrPaTEI
|
| 971 |
|
|
|a .b25747502
|b 16-04-20
|c 13-09-16
|
| 999 |
|
|
|c 154588
|d 154588
|